[Event "Open Est 2016-2017"]
[Site "Aubagne"]
[Date "2016.12.10"]
[Round "4.33"]
[White "Lognos, Lina"]
[Black "Dektiannikov, Artiom"]
[Result "1-0"]
[WhiteElo "1062"]
[BlackElo "1199"]
[PlyCount "75"]
[EventDate "2016.??.??"]
[WhiteTeam "Cercle d'Echecs Aubagnais"]
[BlackTeam "Cassis Echecs"]

1. c4 Nf6 2. Nc3 d5 3. cxd5 Nxd5 4. Nf3 Nxc3 5. bxc3 Nc6 6. Rb1 e5 7. d3 b6 8.
e4 Be6 9. Qa4 Bd7 10. d4 Nxd4 11. Qd1 Nc6 12. Bb5 Qf6 13. O-O a6 14. Bc4 O-O-O
15. Bxa6+ Kb8 16. Qd5 Be8 17. Qb3 Na5 18. Qc2 c6 19. Rxb6+ Kc7 20. Qb2 Bc5 21.
Bg5 Qd6 22. Bxd8+ Qxd8 23. Rb7+ Nxb7 24. Qxb7+ Kd6 25. Rd1+ Bd4 26. Nxd4 Qa5
27. Nb3+ Qd5 28. exd5 cxd5 29. Bc4 Bc6 30. Qb6 Rc8 31. Rxd5+ Ke7 32. Qa7+ Ke6
33. Rd8+ Kf5 34. Rxc8 Be4 35. Qxf7+ Kg5 36. Qxg7+ Kh5 37. Be2+ Kh4 38. Qg4# 1-0

[Event "Open Est 2016-2017"]
[Site "Aubagne"]
[Date "2016.12.10"]
[Round "4.34"]
[White "Tramarin, Matteo"]
[Black "Soulet, Julia"]
[Result "1-0"]
[WhiteElo "1050"]
[BlackElo "1188"]
[PlyCount "59"]
[EventDate "2016.??.??"]
[WhiteTeam "Cercle d'Echecs Aubagnais"]
[BlackTeam "Cassis Echecs"]

1. e4 e5 2. Nf3 Nf6 3. Nxe5 d6 4. Nf3 Nxe4 5. Nc3 Nxc3 6. dxc3 Bf5 7. Be3 Nc6
8. Qd2 Be7 9. O-O-O O-O 10. h3 Ne5 11. Be2 Nxf3 12. Bxf3 c6 13. g4 Bg6 14. Rhg1
Qa5 15. a3 d5 16. g5 Rad8 17. h4 Be4 18. Bg4 Qa4 19. f3 Qc4 20. Qd4 Qa2 21. h5
c5 22. Qe5 d4 23. h6 Qa1+ 24. Kd2 dxc3+ 25. Kxc3 f6 26. Qxe7 gxh6 27. gxh6 Rf7
28. Qxd8+ Rf8 29. Be6+ Kh8 30. Qxf8# 1-0

[Event "Open Est 2016-2017"]
[Site "Aubagne"]
[Date "2016.12.10"]
[Round "4.36"]
[White "Pegon, Claude"]
[Black "Piquemal, Jean Christophe"]
[Result "0-1"]
[WhiteElo "1038"]
[BlackElo "1150"]
[PlyCount "96"]
[EventDate "2016.??.??"]
[WhiteTeam "La Ciotat Echecs (LCE)"]
[BlackTeam "Marseille Echecs"]

1. f4 Nf6 2. Nf3 d6 3. e3 Nbd7 4. Bd3 g6 5. Nc3 Bg7 6. O-O O-O 7. Qe1 e5 8. e4
exf4 9. b3 Re8 10. Bb2 c5 11. Nd5 Ne5 12. Nxe5 dxe5 13. c4 Nxd5 14. cxd5 Qb6
15. Kh1 a5 16. Qe2 Bd7 17. Bc4 a4 18. Rf3 Bg4 19. Qd3 Bxf3 20. gxf3 axb3 21.
Bxb3 h5 22. Rb1 Red8 23. a4 Qa6 24. Qc3 b6 25. Re1 Qa5 26. Qc2 Rd6 27. Bc3 Qa7
28. Qb2 Qe7 29. a5 b5 30. d3 f5 31. Qf2 c4 32. dxc4 fxe4 33. cxb5 e3 34. Qe2 e4
35. Bxg7 Kxg7 36. a6 exf3 37. Qxf3 Qf6 38. Rg1 Kh6 39. Bc2 g5 40. h3 Rb8 41.
Bd1 Qg6 42. h4 Rxb5 43. Rxg5 Qf7 44. Rxh5+ Kg7 45. Qg4+ Qg6 46. Qf3 Ra5 47. Kh2
Raxa6 48. Kh3 Qg3+ 0-1

[Event "Open Est 2016-2017"]
[Site "Aubagne"]
[Date "2016.12.10"]
[Round "4.37"]
[White "Ralijaona, Emma"]
[Black "De Laurentis, Pierre"]
[Result "1-0"]
[WhiteElo "1180"]
[BlackElo "1399"]
[PlyCount "36"]
[EventDate "2016.??.??"]
[WhiteTeam "Marseille Passion Echecs"]
[BlackTeam "Cassis Echecs"]

1. e4 e6 2. Nf3 f6 3. Bc4 d6 4. d4 Nc6 5. d5 Qd7 6. dxe6 Qe7 7. Nc3 Nb4 8. Nd5
Qd8 9. Bb5+ c6 10. Bc4 cxd5 11. Bb5+ Ke7 12. exd5 a6 13. Bc4 Bd7 14. exd7 Qxd7
15. Qe2+ Kd8 16. Nd4 Qa4 17. b3 Qd7 18. Ne6+ Ke8 1-0

[Event "Open Est 2016-2017"]
[Site "Aubagne"]
[Date "2016.12.10"]
[Round "4.38"]
[White "Hours, Evelyne"]
[Black "Belaid, Myriam"]
[Result "0-1"]
[WhiteElo "1399"]
[BlackElo "1010"]
[PlyCount "36"]
[EventDate "2016.??.??"]
[WhiteTeam "Club d'Echecs Pennois (CEP)"]
[BlackTeam "Club Provence Echecs"]

1. e4 g6 2. d4 Bg7 3. Bc4 e6 4. Nf3 Ne7 5. O-O O-O 6. c3 b6 7. Bg5 f6 8. Be3
Bb7 9. Nbd2 Nbc6 10. d5 exd5 11. exd5 Ne5 12. Nxe5 fxe5 13. d6+ Nd5 14. dxc7
Qxc7 15. Nf3 Qxc4 16. Nd2 Qc6 17. Bg5 Nc7 18. Re1 Qxg2# 0-1

[Event "Open Est 2016-2017"]
[Site "Aubagne"]
[Date "2016.12.10"]
[Round "4.39"]
[White "Burnel, Marie-France"]
[Black "Garbe, Georges"]
[Result "1-0"]
[WhiteElo "1399"]
[BlackElo "1216"]
[PlyCount "57"]
[EventDate "2016.??.??"]
[WhiteTeam "Cercle d'Echecs Aubagnais"]
[BlackTeam "Cercle d'Echecs Aubagnais"]

1. e4 c5 2. Nc3 Nc6 3. Nf3 d6 4. d3 Nf6 5. g3 g6 6. b3 Bg7 7. Bb2 O-O 8. Bg2
Be6 9. O-O Ne8 10. Rb1 a6 11. a4 Rb8 12. Ne2 Bxb2 13. Rxb2 Qb6 14. c4 Na5 15.
Ng5 Nf6 16. Qd2 Nxb3 17. Qc3 Qa5 18. Rxb3 Qxc3 19. Nxc3 h6 20. Nxe6 fxe6 21.
Rb6 Nd7 22. Rbb1 Ne5 23. Bh3 Nf3+ 24. Kg2 Nd2 25. Bxe6+ Kg7 26. Nd5 Nxb1 27.
Rxb1 h5 28. f4 Rfe8 29. h4 1-0

[Event "Open Est 2016-2017"]
[Site "Aubagne"]
[Date "2016.12.10"]
[Round "4.40"]
[White "Delaplace, Mathias"]
[Black "Feron, Anne-Marie"]
[Result "1-0"]
[WhiteElo "1078"]
[BlackElo "1399"]
[PlyCount "41"]
[EventDate "2016.??.??"]
[WhiteTeam "Marseille Echecs"]
[BlackTeam "Club d'Echecs Pennois (CEP)"]

1. e4 c5 2. Nf3 d6 3. d4 cxd4 4. Nxd4 Qd7 5. Bb5 Nc6 6. Qf3 a6 7. Bc4 f6 8. Ne6
b5 9. Bd5 h6 10. Nc3 Rb8 11. O-O Ne5 12. Qg3 g5 13. f4 Nc4 14. Bxc4 bxc4 15.
Nd5 Bb7 16. Nec7+ Kf7 17. fxg5 f5 18. Rxf5+ Kg6 19. gxh6+ Kh7 20. Rf7+ Bg7 21.
Rxg7# 1-0

[Event "Open Est 2016-2017"]
[Site "Aubagne"]
[Date "2016.12.10"]
[Round "4.41"]
[White "Pignol, Jeanne"]
[Black "Denis, Karine"]
[Result "0-1"]
[WhiteElo "1399"]
[BlackElo "1190"]
[PlyCount "62"]
[EventDate "2016.??.??"]
[WhiteTeam "Club d'Echecs Pennois (CEP)"]
[BlackTeam "Marseille Passion Echecs"]

1. e4 d5 2. Bd3 e6 3. Nf3 Bc5 4. O-O Nf6 5. Re1 O-O 6. c3 Nc6 7. Bc2 Ng4 8. h3
Bxf2+ 9. Kf1 Bxe1 10. hxg4 Bh4 11. d4 Re8 12. e5 b6 13. Qd3 g6 14. g5 Bg3 15.
Ne1 Bxe1 16. Kxe1 Kg7 17. Qh3 Rh8 18. Qh6+ Kg8 19. Nd2 Qf8 20. Nf3 Qxh6 21.
gxh6 b5 22. Bg5 Kf8 23. Kd2 b4 24. Bf6 Rg8 25. Rh1 bxc3+ 26. bxc3 Rb8 27. Nh4
Rb2 28. Nxg6+ Rxg6 29. Kd3 Rxg2 30. Bg7+ Kg8 31. Ba4 Rg3# 0-1

[Event "Open Est 2016-2017"]
[Site "Aubagne"]
[Date "2016.12.10"]
[Round "4.42"]
[White "Denis, Aurele"]
[Black "Vidal, Jean-Pierre"]
[Result "0-1"]
[WhiteElo "1010"]
[BlackElo "1399"]
[PlyCount "64"]
[EventDate "2016.??.??"]
[WhiteTeam "Marseille Passion Echecs"]
[BlackTeam "Club d'Echecs Pennois (CEP)"]

1. e4 c5 2. Bc4 Nf6 3. d3 Nc6 4. Bg5 Ne5 5. Bxf6 Nxc4 6. dxc4 gxf6 7. Nf3 Bg7
8. Nc3 a6 9. O-O O-O 10. Nd5 e6 11. Nb6 Qxb6 12. Qe1 Qxb2 13. Rb1 Qxa2 14. e5
Qxc4 15. Qd2 b5 16. Rfd1 Ra7 17. Qd6 b4 18. exf6 Bxf6 19. Qg3+ Kh8 20. Rd2 Rg8
21. Qh3 Qf4 22. Rbd1 d5 23. c4 bxc3 24. Re2 d4 25. Rb1 Rb7 26. Rbe1 d3 27. Ra2
d2 28. Rf1 Rd7 29. Rd1 Qe4 30. Raa1 c2 31. Rxd2 Bxa1 32. Ng5 Qe1# 0-1

[Event "Open Est 2016-2017"]
[Site "Aubagne"]
[Date "2016.12.10"]
[Round "4.43"]
[White "Pietrac, Christian"]
[Black "Gianfranceschi, Gerard"]
[Result "1-0"]
[WhiteElo "1226"]
[BlackElo "1040"]
[PlyCount "53"]
[EventDate "2016.??.??"]
[WhiteTeam "Club d'Echecs de Miramas"]
[BlackTeam "Cercle d'Echecs Aubagnais"]

1. Nf3 f5 2. g3 Nf6 3. Bh3 d5 4. d3 c5 5. O-O Nc6 6. Bf4 e5 7. Nxe5 Be6 8. Nxc6
bxc6 9. Nd2 Nh5 10. Be5 Qg5 11. f4 Qg6 12. Rf3 c4 13. d4 c5 14. c3 Nf6 15. Qa4+
Bd7 16. Qa5 Ne4 17. Nxe4 dxe4 18. Re3 cxd4 19. Bxd4 Bd6 20. Be5 Be7 21. Rd1 Bd8
22. Qd5 Be6 23. Qxa8 O-O 24. Rxd8 Qf7 25. Rxf8+ Qxf8 26. Qxa7 Qc8 27. Qxg7# 1-0

[Event "Open Est 2016-2017"]
[Site "Aubagne"]
[Date "2017.01.21"]
[Round "5.3"]
[White "Denis, Vincent"]
[Black "Benezra, David"]
[Result "1-0"]
[WhiteElo "1812"]
[BlackElo "1403"]
[PlyCount "37"]
[EventDate "2016.??.??"]
[WhiteTeam "Marseille Passion Echecs"]
[BlackTeam "L'Echiquier du Roy René"]

1. d4 Nf6 2. Nf3 g6 3. Bf4 Bg7 4. e3 d6 5. h3 O-O 6. c3 Nfd7 7. Nbd2 e5 8. Bh2
f5 9. Qb3+ Kh8 10. dxe5 dxe5 11. O-O-O Qe7 12. h4 h6 13. Nc4 a5 14. Rd5 Nc6 15.
Be2 a4 16. Qb5 a3 17. b3 Nf6 18. Ncxe5 Nxd5 19. Nxg6+ 1-0

[Event "Open Est 2016-2017"]
[Site "Aubagne"]
[Date "2017.01.21"]
[Round "5.5"]
[White "Roger, Patrick"]
[Black "Ghazarian, David"]
[Result "1-0"]
[WhiteElo "1668"]
[BlackElo "1456"]
[PlyCount "86"]
[EventDate "2016.??.??"]
[WhiteTeam "Club Provence Echecs"]
[BlackTeam "Cercle d'Echecs Aubagnais"]

1. e4 e5 2. Nf3 Nc6 3. Bc4 Nf6 4. c3 d6 5. d3 Be7 6. h3 O-O 7. Bb3 Re8 8. O-O
h6 9. Be3 d5 10. exd5 Nxd5 11. d4 exd4 12. Nxd4 Bc5 13. Nxc6 bxc6 14. Bxc5 Qg5
15. Bxd5 cxd5 16. Qf3 Ba6 17. Be3 Bxf1 18. Bxg5 Re1 19. Kh2 hxg5 20. Qxd5 Rae8
21. a4 R1e5 22. Qd4 Re1 23. b4 R8e4 24. Qd8+ Kh7 25. Qxg5 Re5 26. Qh4+ Kg8 27.
Ra2 Rxb1 28. Rd2 Rbe1 29. Rd8+ Re8 30. Rxe8+ Rxe8 31. Qd4 a6 32. c4 Rb8 33. b5
axb5 34. cxb5 Ra8 35. Qb4 Rb8 36. Qf4 Rb7 37. Qe4 Rb8 38. Qc6 Bd3 39. Qxc7 Ra8
40. b6 Be4 41. b7 Bxb7 42. Qxb7 Rxa4 43. Qc8+ Kh7 1-0

[Event "Open Est 2016-2017"]
[Site "Aubagne"]
[Date "2017.01.21"]
[Round "5.6"]
[White "Gamblin, Vincent"]
[Black "Sage, Jean-Claude"]
[Result "1-0"]
[WhiteElo "1448"]
[BlackElo "1589"]
[PlyCount "61"]
[EventDate "2016.??.??"]
[WhiteTeam "Marseille Echecs"]
[BlackTeam "Echiquier Marseillais 1872"]

1. e4 e5 2. Nf3 Nc6 3. g3 Nf6 4. d3 d6 5. Bg2 Bg4 6. O-O Qd7 7. c3 Be7 8. Re1
O-O-O 9. Qb3 Be6 10. Qc2 h6 11. d4 Bh3 12. d5 Bxg2 13. Kxg2 Nb8 14. a4 Ng4 15.
Na3 Na6 16. Nb5 Kb8 17. c4 h5 18. h4 f5 19. Ng5 Bxg5 20. Bxg5 Rdf8 21. f3 Nh6
22. Qf2 b6 23. a5 fxe4 24. Rxe4 Nc5 25. Re3 Ng4 26. Qe2 Nxe3+ 27. Qxe3 Qf5 28.
axb6 axb6 29. Qa3 Kc8 30. Qa8+ Kd7 31. Qc6+ 1-0

[Event "Open Est 2016-2017"]
[Site "Aubagne"]
[Date "2017.01.21"]
[Round "5.7"]
[White "Gutman, Leni"]
[Black "Roche, Alain"]
[Result "1-0"]
[WhiteElo "1538"]
[BlackElo "1405"]
[PlyCount "90"]
[EventDate "2016.??.??"]
[WhiteTeam "Marseille Echecs"]
[BlackTeam "Echiquier Marseillais 1872"]

1. d4 d5 2. c4 c6 3. e3 a6 4. Nc3 Nf6 5. Nf3 g6 6. Bd3 Bg7 7. O-O O-O 8. Re1
dxc4 9. Bxc4 b5 10. Bd3 e6 11. e4 h6 12. e5 Nd5 13. Nxd5 cxd5 14. Be3 Nc6 15.
a3 Bb7 16. Qd2 Kh7 17. Rac1 Na5 18. Qb4 Nc4 19. Bxc4 dxc4 20. Nd2 Bd5 21. b3
Rb8 22. Qc3 cxb3 23. Nxb3 Qh4 24. h3 Rfc8 25. Nc5 Bf8 26. Qa5 Bxc5 27. Rxc5
Rxc5 28. dxc5 Rf8 29. Qxa6 Qe4 30. f3 Qxe5 31. Qxb5 Qc3 32. Qb4 Qd3 33. Qd2
Qxa3 34. Bxh6 Rg8 35. Be3 Qa4 36. Qd4 Qc6 37. Qf4 Rg7 38. Bd4 f5 39. Bxg7 Qxc5+
40. Bd4 Qb4 41. Qe5 Qf8 42. Qf6 Qxf6 43. Bxf6 Kh6 44. Kf2 g5 45. Bc3 Kg6 1-0

[Event "Open Est 2016-2017"]
[Site "Aubagne"]
[Date "2017.01.21"]
[Round "5.8"]
[White "Cocordano, Claire"]
[Black "Benezra, Ruthy"]
[Result "1/2-1/2"]
[WhiteElo "1434"]
[BlackElo "1526"]
[PlyCount "62"]
[EventDate "2016.??.??"]
[WhiteTeam "Cercle d'Echecs Aubagnais"]
[BlackTeam "L'Echiquier du Roy René"]

1. e4 c5 2. Nf3 Nc6 3. c3 Nf6 4. e5 Nd5 5. d4 cxd4 6. cxd4 e6 7. Be2 d6 8. O-O
dxe5 9. dxe5 Qc7 10. Bb5 Bd7 11. Bxc6 Bxc6 12. b3 Bb4 13. Qc2 Rc8 14. Bb2 Bb5
15. Qxc7 Rxc7 16. Rc1 Rxc1+ 17. Bxc1 Nc3 18. Nd4 Bd3 19. Ba3 Nxa2 20. Bxb4 Nxb4
21. Rxa7 O-O 22. Rxb7 Rc8 23. h3 Nd5 24. Na3 h6 25. Nab5 Rc1+ 26. Kh2 Rd1 27.
Nd6 Bf1 28. Nc2 Rd2 29. Kg1 Rd1 30. Kh2 Rd2 31. Kg1 Rd1 1/2-1/2

[Event "Open Est 2016-2017"]
[Site "Aubagne"]
[Date "2017.01.21"]
[Round "5.9"]
[White "Cavanihac, Claude"]
[Black "Desjardins, Rene"]
[Result "0-1"]
[WhiteElo "1504"]
[BlackElo "1392"]
[PlyCount "94"]
[EventDate "2016.??.??"]
[WhiteTeam "Cercle d'Echecs Aubagnais"]
[BlackTeam "Club d'Echecs Pennois (CEP)"]

1. d4 f5 2. c4 Nf6 3. Nc3 d5 4. cxd5 Nxd5 5. e3 e6 6. Nf3 Bd6 7. a3 O-O 8. Bc4
c6 9. O-O Bd7 10. Ne1 Be8 11. f4 Nd7 12. Nf3 Bh5 13. Be2 N7f6 14. Ng5 Bxe2 15.
Qxe2 Qe7 16. h3 h6 17. Nf3 Nxc3 18. bxc3 Ne4 19. Qe1 Rf6 20. c4 Rg6 21. c5 Bc7
22. Qb4 b6 23. Ne5 Bxe5 24. fxe5 Qh4 25. Rf4 Qxh3 26. Ra2 Qh5 27. cxb6 axb6 28.
Qxb6 Ng3 29. Kf2 Qd1 30. e4 Nh1+ 31. Ke3 Qxc1+ 32. Kd3 Rg3+ 33. Rf3 Rxf3+ 34.
gxf3 Qd1+ 35. Ke3 Qe1+ 36. Kd3 fxe4+ 37. fxe4 Nf2+ 38. Kc2 Qxe4+ 39. Kc1 Qe1+
40. Kc2 Qd1+ 41. Kb2 Nd3+ 42. Kc3 Nc1 43. Rb2 Rxa3+ 44. Kb4 Qa4+ 45. Kc5 Rc3+
46. Kd6 Nb3 47. Rf2 Qxd4+ 0-1

[Event "Open Est 2016-2017"]
[Site "Aubagne"]
[Date "2017.01.21"]
[Round "5.10"]
[White "Andonian, Pierre"]
[Black "Cescon, Angelo"]
[Result "1-0"]
[WhiteElo "1499"]
[BlackElo "1300"]
[PlyCount "87"]
[EventDate "2016.??.??"]
[WhiteTeam "Echiquier Marseillais 1872"]
[BlackTeam "Club d'Echecs Pennois (CEP)"]

1. e4 d6 2. Nf3 g6 3. d4 Bg7 4. c3 Bg4 5. h3 Bxf3 6. Qxf3 Nf6 7. Bg5 Nbd7 8.
Nd2 O-O 9. Bc4 c5 10. O-O cxd4 11. cxd4 Qa5 12. Be3 b5 13. Nb3 Qb4 14. Be2 Rac8
15. Bd2 Qa4 16. Bd1 Qc4 17. Rc1 Qe6 18. Re1 Rxc1 19. Nxc1 Nb6 20. Bc3 Nfd7 21.
d5 Ne5 22. dxe6 Nxf3+ 23. Bxf3 fxe6 24. Bxg7 Kxg7 25. Nb3 e5 26. Rc1 Rc8 27.
Bg4 Rxc1+ 28. Nxc1 Nc4 29. Bd7 Nxb2 30. Bxb5 Kf6 31. Kf1 Nd1 32. Ne2 Kg5 33. g3
Kf6 34. Ke1 Nb2 35. Kd2 e6 36. Kc2 a6 37. Bxa6 Na4 38. Nc3 Nxc3 39. Kxc3 d5 40.
Kd3 dxe4+ 41. Kxe4 g5 42. Be2 h6 43. a4 Ke7 44. Kxe5 1-0

[Event "Open Est 2016-2017"]
[Site "Aubagne"]
[Date "2017.01.21"]
[Round "5.11"]
[White "Blanc, Maxime"]
[Black "Bertrand, Frederic"]
[Result "0-1"]
[WhiteElo "1462"]
[BlackElo "1537"]
[PlyCount "104"]
[EventDate "2016.??.??"]
[WhiteTeam "Cassis Echecs"]
[BlackTeam "Cercle d'Echecs Aubagnais"]

1. d4 Nf6 2. c4 g6 3. Nf3 Bg7 4. Nc3 d5 5. g3 O-O 6. Bg2 c6 7. O-O Nbd7 8. Re1
dxc4 9. a4 Nd5 10. e4 Nxc3 11. bxc3 b5 12. Ba3 Re8 13. Rb1 Rb8 14. Bb4 a6 15.
Ng5 h6 16. Nh3 Qc7 17. a5 c5 18. dxc5 Nxc5 19. Qd5 Nd3 20. e5 Bb7 21. Qd4 Bxg2
22. Kxg2 Bxe5 23. Qe3 Nxe1+ 24. Rxe1 Bg7 25. Nf4 Qc6+ 26. Kg1 e5 27. Ng2 Rbd8
28. Qb6 Rc8 29. Ne3 Re6 30. Qxc6 Rcxc6 31. Nd5 Bf8 32. Bxf8 Kxf8 33. Nb4 Rcd6
34. Kg2 Rd2 35. Re3 Rdd6 36. h3 Rd2 37. Kf3 f5 38. Re2 Rxe2 39. Kxe2 Ke7 40.
Nd5+ Kd6 41. Nb4 Kc5 42. Ke3 Rd6 43. f4 e4 44. h4 Rd3+ 45. Nxd3+ cxd3 46. Kd2
Kc4 47. Kd1 e3 48. Kc1 Kxc3 49. Kd1 Kb2 50. Ke1 Kc2 51. Kf1 d2 52. Ke2 d1=Q+
0-1

[Event "Open Est 2016-2017"]
[Site "Aubagne"]
[Date "2017.01.21"]
[Round "5.12"]
[White "Corrias, Robert"]
[Black "Reynaud, Jacques"]
[Result "1-0"]
[WhiteElo "1555"]
[BlackElo "1390"]
[PlyCount "37"]
[EventDate "2016.??.??"]
[WhiteTeam "Club d'Echecs Pennois (CEP)"]
[BlackTeam "Cercle d'Echecs Aubagnais"]

1. e4 c5 2. Nc3 e6 3. Nf3 Nc6 4. Bb5 g6 5. O-O Bg7 6. Re1 Nge7 7. d3 d6 8. e5
a6 9. exd6 Qxd6 10. Ne4 Qc7 11. Ba4 b6 12. c3 O-O 13. Bg5 f6 14. Bh4 Ne5 15.
Nxe5 Qxe5 16. Bg3 Qd5 17. Nd6 Nf5 18. Nxc8 Nxg3 19. Nxb6 1-0

[Event "Open Est 2016-2017"]
[Site "Aubagne"]
[Date "2017.01.21"]
[Round "5.13"]
[White "Favarel-Lubeigt, Helina"]
[Black "Cotton, Paul"]
[Result "1-0"]
[WhiteElo "1523"]
[BlackElo "1391"]
[PlyCount "75"]
[EventDate "2016.??.??"]
[WhiteTeam "L'Echiquier du Roy René"]
[BlackTeam "Cercle d'Echecs Aubagnais"]

1. d4 Nf6 2. c4 g6 3. Nc3 Bg7 4. e4 d6 5. h3 O-O 6. Be3 Na6 7. a3 c5 8. d5 e6
9. Bd3 Nc7 10. Nge2 a6 11. a4 b6 12. O-O Re8 13. Re1 exd5 14. exd5 Bd7 15. Qd2
Rb8 16. Nf4 b5 17. axb5 axb5 18. b3 b4 19. Nce2 Ne4 20. Bxe4 Bxa1 21. Bxg6 hxg6
22. Rxa1 Qf6 23. Ra7 Rbc8 24. Nd3 Bf5 25. Bg5 Qg7 26. Bf4 Red8 27. Nxc5 dxc5
28. Rxc7 Rxc7 29. Bxc7 Re8 30. Ng3 Bd7 31. Bd6 Rc8 32. Ne4 Qa1+ 33. Kh2 Kg7 34.
Qf4 Bf5 35. Be5+ Qxe5 36. Qxe5+ f6 37. Qxf6+ Kh6 38. Nd6 1-0

[Event "Open Est 2016-2017"]
[Site "Aubagne"]
[Date "2017.01.21"]
[Round "5.14"]
[White "Bui, Christopher"]
[Black "Labriaud, Gilles"]
[Result "1-0"]
[WhiteElo "1313"]
[BlackElo "1461"]
[PlyCount "95"]
[EventDate "2016.??.??"]
[WhiteTeam "Cercle d'Echecs Aubagnais"]
[BlackTeam "La Ciotat Echecs (LCE)"]

1. e4 c5 2. Nf3 Nc6 3. d4 cxd4 4. Nxd4 d6 5. Nc3 Nf6 6. Be3 g6 7. Be2 Bg7 8.
Nb3 O-O 9. f3 Bd7 10. Qd2 a6 11. O-O-O Qc7 12. h4 Rfc8 13. g4 h5 14. g5 Ne8 15.
Nd5 Qd8 16. Nb6 Nc7 17. Nxa8 Nxa8 18. Kb1 Qc7 19. f4 Be6 20. Bd3 Nb6 21. Qf2
Na4 22. Bc1 Nb4 23. c3 Nxd3 24. Rxd3 Bxb3 25. axb3 Nc5 26. Re3 Nxb3 27. Rd1 Qa5
28. e5 dxe5 29. f5 e4 30. f6 exf6 31. gxf6 Bh6 32. Rxe4 Rxc3 33. bxc3 Qa1+ 34.
Kc2 Bxc1 35. Re8+ Kh7 36. Kxb3 Qa3+ 37. Kc4 Qa4+ 38. Kd5 Qxe8 39. Rxc1 Qc6+ 40.
Ke5 Qe6+ 41. Kf4 Qf5+ 42. Kg3 Qg4+ 43. Kh2 Qe4 44. Re1 Qa4 45. Re7 Qc4 46. Qd4
Qa2+ 47. Kg3 Qb1 48. Rxf7+ 1-0

[Event "Open Est 2016-2017"]
[Site "Aubagne"]
[Date "2017.01.21"]
[Round "5.17"]
[White "Lang, Alexandre"]
[Black "Moerenhout, Jean Claude"]
[Result "0-1"]
[WhiteElo "1399"]
[BlackElo "1264"]
[PlyCount "74"]
[EventDate "2016.??.??"]
[WhiteTeam "Cercle d'Echecs Aubagnais"]
[BlackTeam "Cercle d'Echecs Aubagnais"]

1. Nf3 d5 2. d4 Nf6 3. Bf4 Nc6 4. Nc3 Bg4 5. Ne5 e6 6. Nxg4 Nxg4 7. e3 Nf6 8.
Bb5 a6 9. Bxc6+ bxc6 10. O-O c5 11. Be5 cxd4 12. Qxd4 c5 13. Qa4+ Nd7 14. Rad1
Qg5 15. Qc6 Qd8 16. e4 Rc8 17. Qxa6 Nxe5 18. exd5 Nd7 19. dxe6 fxe6 20. Qxe6+
Be7 21. Nd5 Nf8 22. Nf6+ gxf6 23. Rxd8+ Rxd8 24. Qc6+ Nd7 25. Re1 Rg8 26. a4
Rg6 27. Qe4 Ne5 28. f4 Rd2 29. Re2 Rd1+ 30. Kf2 Ng4+ 31. Kf3 Rf1+ 32. Rf2 Rxf2+
33. Kg3 Rd2 34. Qc6+ Kf8 35. Kf3 Nxh2+ 36. Ke4 f5+ 37. Ke3 Rxc6 0-1

[Event "Open Est 2016-2017"]
[Site "Aubagne"]
[Date "2017.01.21"]
[Round "5.18"]
[White "Naam, Mourad"]
[Black "Autouard, Jean-Luc"]
[Result "0-1"]
[WhiteElo "1399"]
[BlackElo "1269"]
[PlyCount "66"]
[EventDate "2016.??.??"]
[WhiteTeam "Cassis Echecs"]
[BlackTeam "Cercle d'Echecs Aubagnais"]

1. e4 e5 2. d3 Nc6 3. Nf3 Nf6 4. Nc3 Bc5 5. Be3 Bxe3 6. fxe3 d6 7. d4 Bg4 8.
Bc4 O-O 9. O-O a6 10. d5 Na5 11. Qd3 b5 12. Bb3 Nb7 13. Qe2 b4 14. Na4 Nxe4 15.
h3 Ng3 16. Qd3 Nxf1 17. Kxf1 Bxf3 18. gxf3 Qf6 19. Nb6 Qxf3+ 20. Ke1 Nc5 21.
Qc4 Qxe3+ 22. Qe2 Qxe2+ 23. Kxe2 cxb6 24. Bc4 b5 25. Bxb5 axb5 26. Rf1 Rxa2 27.
h4 Rxb2 28. Rf5 Rxc2+ 29. Ke3 Rc3+ 30. Ke2 b3 31. Kd1 b2 32. h5 b1=Q+ 33. Kd2
Qb2+ 0-1

[Event "Open Est 2016-2017"]
[Site "Aubagne"]
[Date "2017.01.21"]
[Round "5.19"]
[White "Besucco, Guy"]
[Black "Lognos, Lina"]
[Result "1/2-1/2"]
[WhiteElo "1345"]
[BlackElo "1043"]
[PlyCount "69"]
[EventDate "2016.??.??"]
[WhiteTeam "La Ciotat Echecs (LCE)"]
[BlackTeam "Cercle d'Echecs Aubagnais"]

1. e4 c5 2. Nc3 Nc6 3. f4 Nf6 4. Nf3 d6 5. Bc4 e6 6. O-O a6 7. e5 dxe5 8. fxe5
Nd7 9. Qe1 b5 10. Bd3 b4 11. Be4 Qb6 12. Bxc6 c4+ 13. Kh1 Qxc6 14. Ne2 Qe4 15.
Ned4 Qxe1 16. Rxe1 Bb7 17. c3 Bc5 18. cxb4 Bxb4 19. a3 Bc5 20. b4 cxb3 21. Nxb3
Bxf3 22. gxf3 O-O 23. Nxc5 Nxc5 24. Re3 Rfc8 25. d4 Na4 26. Bd2 Rc2 27. Bb4
Rac8 28. Bc5 Nxc5 29. dxc5 R8xc5 30. Rb1 g6 31. Re4 Rf2 32. Rh4 Rcc2 33. Rg1
Rxf3 34. Rhg4 Rff2 35. Rh4 1/2-1/2

[Event "Open Est 2016-2017"]
[Site "Aubagne"]
[Date "2017.01.21"]
[Round "5.21"]
[White "Morata, Serge"]
[Black "Ulloa, Philippe"]
[Result "1-0"]
[WhiteElo "1240"]
[BlackElo "1318"]
[PlyCount "73"]
[EventDate "2016.??.??"]
[WhiteTeam "Cercle d'Echecs Aubagnais"]
[BlackTeam "Club d'Echecs Pennois (CEP)"]

1. e4 e5 2. Nf3 d6 3. Bc4 h6 4. d4 exd4 5. Nxd4 Nf6 6. Nc3 Be7 7. O-O O-O 8.
Re1 Re8 9. Bf4 Nbd7 10. e5 dxe5 11. Bxe5 Nxe5 12. Rxe5 Bg4 13. f3 Bh5 14. Qd3
Bg6 15. Ne4 Nd7 16. Rd5 c6 17. Nxc6 Qb6+ 18. Nd4 Nc5 19. Qe2 Ne6 20. Qe3 Bc5
21. Nxc5 Nxc5 22. Re5 Rxe5 23. Qxe5 Rd8 24. Kf1 Qb4 25. b3 Kf8 26. Rd1 Re8 27.
Qf4 a6 28. Bxf7 Qb6 29. Bxe8+ Kxe8 30. Re1+ Kd7 31. Qg4+ Kc7 32. Ne6+ Kb8 33.
Qxg6 Qb5+ 34. c4 Qb4 35. Nxc5 Qxc5 36. Qe8+ Ka7 37. Qe3 1-0

[Event "Open Est 2016-2017"]
[Site "Aubagne"]
[Date "2017.01.21"]
[Round "5.22"]
[White "Periale, Albert"]
[Black "Pentcheff, Laura"]
[Result "0-1"]
[WhiteElo "1296"]
[BlackElo "1316"]
[PlyCount "99"]
[EventDate "2016.??.??"]
[WhiteTeam "Cercle d'Echecs Aubagnais"]
[BlackTeam "Cassis Echecs"]

1. d4 d6 2. c4 Nf6 3. Nc3 g6 4. e4 Bg7 5. Nf3 O-O 6. Be2 c6 7. O-O a6 8. Be3 b5
9. a3 Be6 10. cxb5 axb5 11. d5 Bd7 12. Qd2 Qc7 13. b4 Qb7 14. Bh6 Rc8 15. Bxg7
Kxg7 16. Rfc1 cxd5 17. exd5 Na6 18. Ne1 Nc7 19. Bf3 Bf5 20. Nc2 Bg4 21. Bxg4
Nxg4 22. Re1 Re8 23. Qd4+ Nf6 24. Re4 Kg8 25. Re2 Ncxd5 26. Nxd5 Qxd5 27. Qxd5
Nxd5 28. Nd4 Rab8 29. Rd2 Nb6 30. Re2 Nc4 31. Rc2 Ne5 32. f4 Nd3 33. g3 e5 34.
Rd2 Nxb4 35. axb4 exd4 36. Rxd4 Red8 37. Rd5 Kg7 38. Ra6 Rbc8 39. Raxd6 Rxd6
40. Rxd6 Rc4 41. Kf1 Rxb4 42. Rb6 Rb1+ 43. Kg2 b4 44. Kf3 Kf8 45. Ke4 Ke7 46.
Kd3 b3 47. Kc3 Rc1+ 48. Kb2 Rh1 49. h4 Rh2+ 50. Kxb3 0-1

[Event "Open Est 2016-2017"]
[Site "Aubagne"]
[Date "2017.01.21"]
[Round "5.23"]
[White "Piquemal, Jean Christophe"]
[Black "Ralijaona, Gabriela"]
[Result "0-1"]
[WhiteElo "1308"]
[BlackElo "1287"]
[PlyCount "46"]
[EventDate "2016.??.??"]
[WhiteTeam "Marseille Echecs"]
[BlackTeam "Marseille Passion Echecs"]

1. d4 d5 2. c4 e6 3. Nc3 Nf6 4. Bg5 Be7 5. e3 Nbd7 6. Bd3 c5 7. Nf3 b6 8. O-O
Bb7 9. Re1 O-O 10. cxd5 exd5 11. b3 Ne4 12. Bxe7 Qxe7 13. Rc1 a6 14. Na4 Rac8
15. Bb1 Rc6 16. dxc5 bxc5 17. Qxd5 Rb6 18. Qc4 Rg6 19. Bxe4 Bxe4 20. Qe2 Ne5
21. Kf1 Nxf3 22. gxf3 Qg5 23. Qc4 Bxf3 0-1